<?xml version="1.0" encoding="UTF-8"?><?xml-stylesheet type="text/xsl" href="static/style.xsl"?><OAI-PMH xmlns="http://www.openarchives.org/OAI/2.0/" xmlns:xsi="http://www.w3.org/2001/XMLSchema-instance" xsi:schemaLocation="http://www.openarchives.org/OAI/2.0/ http://www.openarchives.org/OAI/2.0/OAI-PMH.xsd"><responseDate>2026-05-12T09:50:05Z</responseDate><request verb="GetRecord" identifier="oai:gredos.usal.es:10366/123739" metadataPrefix="marc">https://gredos.usal.es/oai/request</request><GetRecord><record><header><identifier>oai:gredos.usal.es:10366/123739</identifier><datestamp>2022-02-07T12:19:29Z</datestamp><setSpec>com_10366_3708</setSpec><setSpec>com_10366_3676</setSpec><setSpec>col_10366_113329</setSpec></header><metadata><record xmlns="http://www.loc.gov/MARC21/slim" xmlns:doc="http://www.lyncode.com/xoai" xmlns:xsi="http://www.w3.org/2001/XMLSchema-instance" xmlns:dcterms="http://purl.org/dc/terms/" xsi:schemaLocation="http://www.loc.gov/MARC21/slim http://www.loc.gov/standards/marcxml/schema/MARC21slim.xsd">
<leader>00925njm 22002777a 4500</leader>
<datafield tag="042" ind1=" " ind2=" ">
<subfield code="a">dc</subfield>
</datafield>
<datafield tag="260" ind1=" " ind2=" ">
<subfield code="c">1712</subfield>
</datafield>
<datafield tag="024" ind2=" " ind1="8">
<subfield code="a">http://hdl.handle.net/10366/123739</subfield>
</datafield>
<datafield ind1=" " ind2=" " tag="653">
<subfield code="a">Documentos</subfield>
</datafield>
<datafield tag="245" ind1="0" ind2="0">
<subfield code="a">[Parecer del Padre José Barrio en el recurso que, por parte de los religiosos de la Orden de Santo Domingo, se ha hecho al Supremo Consejo del Rey, en la causa de la elección del Prior de San Pablo de Valladolid.]</subfield>
</datafield>
</record></metadata></record></GetRecord></OAI-PMH>